000 00454nam a22001817a 4500
003 MPLRDC
005 20220104143023.0
008 210129b ||||| |||| 00| 0 eng d
020 _a9971-937-01-8
082 _a411.1 XLY v.2
100 _a谢理雅
245 _a健康宝鉴: 中卷
_c蔡书绅译
250 _a初版三刷
260 _a新加坡
_b南洋时兆报馆
_c1981
300 _b550
650 _a健康法
942 _cBK
_o411.1 XLY v.2
999 _c35856
_d35846